Pokémon - Les attaques de Bébécaille - Statistiques

Statistiques générales
  • Ce quiz a été pris 14 fois
  • Le résultat moyen est 9 sur 13
Statistiques - réponses
Niveaux Types Noms des attaques % Correct
Départ Normal Charge
100%
Niveau 32 Dragon Draco-Griffe
100%
Niveau 8 Dragon Draco-Queue
88%
Départ Normal Groz'Yeux
88%
Niveau 44 Dragon Colère
75%
Niveau 40 Dragon Danse Draco
75%
Niveau 28 Acier Mur de Fer
75%
Niveau 16 Normal Coup d'Boule
63%
Niveau 24 Normal Grincement
63%
Niveau 12 Normal Grimace
50%
Niveau 36 Normal Râle Mâle
50%
Niveau 4 Normal Abri
38%
Niveau 20 Normal Rengorgement
38%
Aucun quiz correspondant
Distribution des résultats
% des personnes avec chaque résultat
Percentile par nombre de réponses
Votre historique - résultats
Vous n’avez pas pris ce quiz